000
00345cam a2200145ua 4500
041
_a
eng
_h
082
_a
823.308
_b
GOR/TH
100
_a
Gorky, M .
245
_a
Three /
_c
M.Gorky.
_h
Textual Documents
260
_a
Moscow :
_b
Foreign Language Publishing House ,
_c
1961.
300
_a
471 ; .
504
_a
942
_c
BK
999
_c
982
_d
982